00297nam a2200133Ia 45000030006000000080041000060400015000471000011000622450030000732500011001032600020001145460012001340050017001460STCL150530s9999 xx 000 0 und d aSTCLcSTCL aDobson aDe Libris prose and verse aSecond bMacmillanc1911 aEnglish20220125171140.0